Differential and Integral Calculus (Record no. 9124)

MARC details
000 -LEADER
fixed length control field 00387nam a22001577a 4500
003 - CONTROL NUMBER IDENTIFIER
control field OSt
008 - FIXED-LENGTH DATA ELEMENTS--GENERAL INFORMATION
fixed length control field 201117b ||||| |||| 00| 0 eng d
020 ## - INTERNATIONAL STANDARD BOOK NUMBER
International Standard Book Number 9780714700700
100 ## - MAIN ENTRY--PERSONAL NAME
Personal name Yankovsky, George
245 ## - TITLE STATEMENT
Title Differential and Integral Calculus
250 ## - EDITION STATEMENT
Edition statement 1st Ed.
260 ## - PUBLICATION, DISTRIBUTION, ETC. (IMPRINT)
Place of publication, distribution, etc New Delhi
Name of publisher, distributor, etc CBS publisher
Date of publication, distribution, etc 1996
300 ## - PHYSICAL DESCRIPTION
Extent 464p.
650 ## - SUBJECT ADDED ENTRY--TOPICAL TERM
Topical term or geographic name as entry element B.Sc Non Medical
942 ## - ADDED ENTRY ELEMENTS (KOHA)
Source of classification or shelving scheme Dewey Decimal Classification
Koha item type Text Books
Holdings
Withdrawn status Lost status Source of classification or shelving scheme Damaged status Not for loan Collection code Home library Current library Date acquired Source of acquisition Currency Cost, normal purchase price Bill Number Total Checkouts Acc. no. / Barcode Date last seen Actual Cost, discounted price Bill Date Koha item type Date last borrowed
    Dewey Decimal Classification     B.Sc Non Medical PIET NCR College Library PIET NCR College Library 17/11/2020 Kirti Prakashan IN Rupees 450.00 IN255   N209 17/11/2020 292.50 05/08/2020 Reference Books  
    Dewey Decimal Classification     B.Sc Non Medical PIET NCR College Library PIET NCR College Library 17/11/2020 Kirti Prakashan IN Rupees 450.00 IN255 1 N210 14/08/2024 292.50 05/08/2020 Text Books 14/08/2024
    Dewey Decimal Classification     B.Sc Non Medical PIET NCR College Library PIET NCR College Library 17/11/2020 Kirti Prakashan IN Rupees 450.00 IN255   N211 17/11/2020 292.50 05/08/2020 Text Books  

Design & Developed by: PIET Central Library
R70 Miles Stone Pattikalyana Samalkha Panipat 132102
mail ID :- [email protected], Phone No:- 0180-2569700 Ex.216